| 000 | 00871nam a22001577a 4500 | ||
|---|---|---|---|
| 005 | 20260124093650.0 | ||
| 008 | 230713b ||||| |||| 00| 0 eng d | ||
| 040 |
_cSSBUL _dSSBUL |
||
| 082 |
_223 _a၃၂၈.၅၉၁ ပြည် ၁၆၁၀၀ (S-SAT) |
||
| 245 | _aပြည်သူ့လွှတ်တော်နှင့် ပြည်သူ့ကောင်စီအဆင့်ဆင့် ရွေးချယ်တင်မြှောက်ခြင်းဆိုင်ရာ နည်းဥပဒေများ / | ||
| 300 |
_a၁၀၃ စာမျက်နှာ၊ _c၂၁ စင်တီ။ |
||
| 500 | _aS-SAT: Dr. Prof Sai Aung Tun | ||
| 650 |
_aမြန်မာနိုင်ငံပြည်သူ့လွှတ်တော်။ _927829 |
||
| 650 |
_aဥပဒေ _zမြန်မာနိုင်ငံ။ _911676 |
||
| 942 |
_2ddc _cBK1 |
||
| 999 |
_c27156 _d27156 |
||